000 00805nam a2200181 i 4500
001 164487
003 ES-MaACL
005 20250826043915.0
008 990310s1893 sp |||| | spa d
040 _aCCPB | B
_bspa
_cCCPB | B
100 1 _aSalvador y Rodrigáñez, Amós,
_d1845-1922
_9102102
245 1 0 _aDictamen que presenta á la ponencia de la Comisión encargada de estudiar la modificación del impuesto de consumos sobre los vinos /
_cAmós Salvador.
260 _aMadrid :
_b[s.n.],
_c1893 (
_fImprenta de Fernando Cao y Domingo de Val)
300 _a72 p., [1] h. pleg. ;
_c26 cm.
650 4 _aImpuestos-
_zEspaña
_913634
852 _aES-MaACL
_jT-1277-F-6
_z-- Enc. hol. conservando la cub. original
_z-- Enc. en un vol. facticio
_z.- Donat. Bosch
999 _c164487
_d164487